书目信息 |
| 题名: |
算法设计与分析基础
|
|
| 作者: | 莱维丁 著 | |
| 分册: | ||
| 出版信息: | 北京 清华大学出版社 2007.11 |
|
| 页数: | 562页 | |
| 开本: | 26cm | |
| 丛书名: | ||
| 单 册: | ||
| 中图分类: | TP301.6 | |
| 科图分类: | ||
| 主题词: | 计算技术 , 电子计算机 | |
| 电子资源: | ||
| ISBN: | 978-7-302-16402-9 | |
| 000 | 00639nam0 2200217 450 | |
| 001 | 0862174109 | |
| 005 | 20080229171913.78 | |
| 010 | @a978-7-302-16402-9@dCNY59.00 | |
| 100 | @a20080229d2007 km y0chiy0120 ea | |
| 101 | 0 | @achi |
| 102 | @aCN@b110000 | |
| 200 | 1 | @a算法设计与分析基础@Asuan fa she ji yu fen xi ji chu@f(美)莱维丁著@F(mei)lai wei ding zhu |
| 205 | @a2版 | |
| 210 | @a北京@c清华大学出版社@d2007.11 | |
| 215 | @a562页@d26cm | |
| 606 | 0 | @a计算技术 |
| 606 | 0 | @a电子计算机 |
| 690 | @aTP301.6@v4 | |
| 701 | 0 | @a莱维丁@Alai wei ding@4著 |
| 801 | 0 | @aCN@b大连网信软件有限公司图书馆·11@c20080229 |
| 905 | @aZUCC@dTP301.6@eL028 | |
| 算法设计与分析基础/(美)莱维丁著.-2版.-北京:清华大学出版社,2007.11 |
| 562页;26cm |
| ISBN 978-7-302-16402-9:CNY59.00 |
| ● |
| 相关链接 |
|
|
|
正题名:算法设计与分析基础
索取号:TP301.6/L028
 
预约/预借
| 序号 | 登录号 | 条形码 | 馆藏地/架位号 | 状态 | 备注 |
| 1 | 478544 | 204785447 | 期刊室512/ [索取号:TP301.6/L028] | 在馆 |